[Event "Orsay Blitz op"]
[Site "Europe Echecs INT"]
[Date "2023.09.17"]
[Round "8"]
[White "David, Sebastien"]
[Black "Lauri, Tony"]
[Result "1-0"]
[WhiteElo "1880"]
[BlackElo "1369"]
[PlyCount "45"]
[EventDate "2023.09.17"]
[EventType "swiss (blitz)"]
[EventRounds "11"]
[EventCountry "FRA"]
[SourceTitle "EXT 2025"]
[Source "ChessBase"]
[SourceDate "2024.10.14"]
[SourceVersion "1"]
[SourceVersionDate "2024.10.14"]
[SourceQuality "1"]

1. Nf3 d5 2. g3 Nf6 3. c4 c6 4. cxd5 cxd5 5. Bg2 Nc6 6. d4 Bd7 7. 0-0 e6 8. Nc3 a6 9. Re1 Be7 10. e4 dxe4 11. Nxe4 0-0 12. Nc3 h6 13. Bf4 Rc8 14. Ne5 Bb4 15. a3 Nxe5 16. dxe5 Bxc3 17. bxc3 Nd5 18. Bxd5 exd5 19. Qxd5 Rxc3 20. Qd2 Qc7 21. e6 Rc2 22. Bxc7 Rxd2 23. exd7 1-0

[Event "Orsay Blitz op"]
[Site "Europe Echecs INT"]
[Date "2023.09.17"]
[Round "10"]
[White "Lucas, Yann"]
[Black "Lauri, Tony"]
[Result "1-0"]
[WhiteElo "1199"]
[BlackElo "1369"]
[PlyCount "138"]
[EventDate "2023.09.17"]
[EventType "swiss (blitz)"]
[EventRounds "11"]
[EventCountry "FRA"]
[SourceTitle "EXT 2025"]
[Source "ChessBase"]
[SourceDate "2024.10.14"]
[SourceVersion "1"]
[SourceVersionDate "2024.10.14"]
[SourceQuality "1"]

1. d3 d5 2. g3 Nf6 3. Bg2 Nc6 4. Nd2 Bf5 5. e3 e6 6. a3 Bd6 7. b3 a6 8. Bb2 0-0 9. Ne2 h6 10. h3 Bh7 11. g4 e5 12. Ng3 e4 13. Nf5 Bxf5 14. gxf5 exd3 15. cxd3 Re8 16. Rg1 Qd7 17. Bf3 Ne5 18. Ke2 Qxf5 19. e4 Qxf3+ 20. Nxf3 Nxf3 21. Kxf3 dxe4+ 22. Ke2 Be5 23. Bxe5 Rxe5 24. d4 Rd8 25. Qd2 e3 26. fxe3 Re4 27. Qc3 Nd5 28. Qd3 Rde8 29. Rg3 f5 30. Rag1 g5 31. h4 Nf4+ 32. Kd2 Nxd3 33. Kxd3 g4 34. h5 Kg7 35. Rc1 R8e7 36. Rc5 Kf6 37. Rg1 Rxe3+ 38. Kc4 f4 39. Rxg4 f3 40. Rf4+ Kg7 41. Rcf5 b5+ 42. Kb4 c6 43. Rf6 Ra7 44. Rxc6 a5+ 45. Kc5 Rc3+ 46. Kd5 Rxc6 47. Kxc6 Rf7 48. Rg4+ Kh7 49. Rg1 f2 50. Rf1 b4 51. axb4 axb4 52. Kc5 Rf5+ 53. Kxb4 Kg7 54. Kc4 Kf6 55. b4 Ke6 56. d5+ Kd7 57. Kc5 Kc7 58. b5 Kb7 59. b6 Kc8 60. Kc6 Rf6+ 61. d6 Rf3 62. b7+ Kb8 63. d7 Rc3+ 64. Kd6 Rd3+ 65. Ke7 Kxb7 66. d8Q Rxd8 67. Kxd8 Kc6 68. Rxf2 Kd5 69. Rf6 Ke5 1-0